| 000 | 01189nam a2200253 i 4500 | ||
|---|---|---|---|
| 001 | 128334 | ||
| 003 | ES-MaACL | ||
| 005 | 20240219212804.0 | ||
| 007 | t| | ||
| 008 | 070702s1952 sp f |||| | spa d | ||
| 080 | _a821.134.2 Cervantes Saavedra, Miguel de 7 Quijote (0:76) | ||
| 080 | _a012 Miquel y Planas, R. | ||
| 100 | 1 |
_aSedó Peris-Mencheta, Juan ( _d1908-1966) _9105075 |
|
| 245 | 1 | 0 |
_aEmbrujo y riesgo de las Bellas Artes : _bdiscurso leído el día 24 de noviembre de 1952 en la recepción pública de Don Juan Sedó Péris- Mencheta, y la contestación del académico de número Don Pedro Benavente de Barberá. |
| 260 |
_aBarcelona : _b[s.n.], _c1952 ( _fTall. de Enrique Tobella) |
||
| 300 |
_a36 p., 11 h., LIV h. de lám., 1 h. de lám. ; _c27 cm. |
||
| 500 | _aPrecede al tít.: Real Academia de Bellas Artes de San Jorge. | ||
| 600 | 1 | 7 |
_aCervantes Saavedra, Miguel de, _d1547-1616. _tDon Quijote de la Mancha- _vIlustraciones _2 _9158871 |
| 600 | 1 | 4 |
_aMiquel y Planas, R., _d1874-1950 _9175773 |
| 700 | 1 |
_aBenavent, Pere. _927438 |
|
| 710 | 2 |
_aReal Academia de Bellas Artes de San Jorge. _96294 |
|
| 852 | 4 |
_aES-MaACL _jC-27308 |
|
| 999 |
_c128334 _d128334 |
||